000 00296nam a2200121Ia 4500
008 191201s2011 xx 000 0 und d
100 _aKAMBOJ, Vineet
245 0 _aEngineering Mathematics
260 _aAmbala cantt
_bprofessional pub
_c2011
300 _a512
650 _aApplied
942 _2ddc
_cBK
999 _c504
_d504